[Event "Ruhrgebiet Verbandsliga Gruppe 1 1819"]
[Site "Nordrheinwestfalen"]
[Date "2018.12.02"]
[Round "4.2"]
[White "Butschek, Marc"]
[Black "Foerster, Wolfgang"]
[Result "1/2-1/2"]
[WhiteElo "1959"]
[BlackElo "1953"]
[PlyCount "30"]
[EventDate "2018.09.23"]
[EventType "team-tourn"]
[EventRounds "9"]
[EventCountry "GER"]
[SourceTitle "EXT 2022"]
[Source "ChessBase"]
[SourceDate "2021.10.06"]
[SourceVersion "1"]
[SourceVersionDate "2021.10.06"]
[SourceQuality "1"]
[WhiteTeam "Bochum SG III"]
[BlackTeam "Sodingen/Castrop SK II"]
[WhiteTeamCountry "GER"]
[BlackTeamCountry "GER"]

1. e4 c5 2. c3 Nf6 3. e5 Nd5 4. d4 cxd4 5. Qxd4 e6 6. Nf3 Nc6 7. Qe4 f5 8. Qe2 Be7 9. Qd1 0-0 10. Bc4 Nb6 11. Bd3 d5 12. exd6 Qxd6 13. 0-0 Kh8 14. Bg5 e5 15. Qd2 e4 1/2-1/2

[Event "Ruhrgebiet Verbandsliga Gruppe 2 1718"]
[Site "Germany"]
[Date "2017.10.08"]
[Round "2.2"]
[White "Langschmidt, Dirk"]
[Black "Butschek, Marc"]
[Result "1-0"]
[WhiteElo "1976"]
[BlackElo "1974"]
[PlyCount "65"]
[EventDate "2017.09.17"]
[EventType "team-tourn"]
[EventRounds "9"]
[EventCountry "GER"]
[SourceTitle "EXT 2022"]
[Source "ChessBase"]
[SourceDate "2021.10.06"]
[SourceVersion "1"]
[SourceVersionDate "2021.10.06"]
[SourceQuality "1"]
[WhiteTeam "Muelheim SC"]
[BlackTeam "Bochum SG III"]
[WhiteTeamCountry "GER"]
[BlackTeamCountry "GER"]

1. e4 e6 2. d4 d5 3. Nc3 Nf6 4. e5 Ne4 5. Nxe4 dxe4 6. Be3 Nd7 7. Qg4 c5 8. Qxe4 Qb6 9. 0-0-0 cxd4 10. Bxd4 Nc5 11. Qe3 Bd7 12. Ne2 Rc8 13. Nc3 Qa5 14. Bc4 b5 15. Bxc5 Bxc5 16. Qd3 0-0 17. Bxb5 Bxb5 18. Qxb5 Qc7 19. Qe2 Bb4 20. Nb5 Qa5 21. a3 Be7 22. Nd6 Bg5+ 23. Kb1 Rb8 24. Rd3 Qa6 25. Qf3 Rb6 26. Rhd1 Be7 27. Rd4 f6 28. Qh3 f5 29. b4 Rfb8 30. Qb3 Kh8 31. R1d3 Bxd6 32. Rxd6 Rxd6 33. exd6 1-0

[Event "Ruhrgebiet Verbandsklasse Gruppe 2 1516"]
[Site "Germany"]
[Date "2015.11.08"]
[Round "3.2"]
[White "Butschek, Marc"]
[Black "Huttny, Georg"]
[Result "0-1"]
[WhiteElo "1988"]
[BlackElo "1852"]
[PlyCount "140"]
[EventDate "2015.09.06"]
[EventType "team-tourn"]
[EventRounds "9"]
[EventCountry "GER"]
[SourceTitle "EXT 2022"]
[Source "ChessBase"]
[SourceDate "2021.10.06"]
[SourceVersion "1"]
[SourceVersionDate "2021.10.06"]
[SourceQuality "1"]
[WhiteTeam "Bochum SG IV"]
[BlackTeam "Gladbeck SG II"]
[WhiteTeamCountry "GER"]
[BlackTeamCountry "GER"]

1. e4 c5 2. c3 d5 3. exd5 Qxd5 4. d4 Nc6 5. dxc5 Qxd1+ 6. Kxd1 Bg4+ 7. f3 Bf5 8. Be3 e5 9. Bb5 Nf6 10. Nd2 Nd7 11. b4 a5 12. Bxc6 bxc6 13. Ne2 axb4 14. cxb4 Ra3 15. Nb3 Be7 16. Bc1 Ra4 17. a3 0-0 18. Na5 Bxc5 19. Nc3 Bd4 20. Bb2 Bxc3 21. Bxc3 c5 22. Ke2 Rc8 23. Rhd1 cxb4 24. Bxb4 e4 25. Rac1 Re8 26. Nc6 exf3+ 27. Kxf3 Be4+ 28. Kf2 Nf6 29. Ne7+ Kh8 30. Rc8 Rxc8 31. Nxc8 h5 32. Rd4 Ra6 33. Nd6 Bd5 34. Nb5 Ng4+ 35. Kg3 Rg6 36. Kh4 Bxg2 37. Nd6 Ne5 38. Rf4 Nf3+ 39. Rxf3 Rg4+ 40. Kxh5 Bxf3 41. Nxf7+ Kg8 42. Ne5 Rxb4+ 43. Nxf3 Rb3 44. Ng5 Rxa3 45. h4 Ra6 46. Nh3 Kf7 47. Ng5+ Kf6 48. Ne4+ Ke5 49. Ng3 Kf4 50. Ne2+ Ke3 51. Nc3 Rc6 52. Nd5+ Ke4 53. Nf4 Kf5 54. Ng6 Kf6 55. Nf8 Rd6 56. Kg4 g6 57. Nh7+ Kg7 58. Ng5 Rd4+ 59. Kg3 Kf6 60. Nf3 Ra4 61. Ng5 Kf5 62. Nf7 Ra3+ 63. Kg2 Kg4 64. Ne5+ Kh5 65. Nf3 Rxf3 66. Kxf3 Kxh4 67. Kf4 g5+ 68. Kf3 Kh3 69. Kf2 g4 70. Kg1 Kg3 0-1

[Event "Ruhrgebiet Verbandsklasse Gruppe 2 1516"]
[Site "Germany"]
[Date "2015.09.06"]
[Round "1.3"]
[White "Loeffelbein, Klaus"]
[Black "Butschek, Marc"]
[Result "1-0"]
[WhiteElo "1880"]
[BlackElo "1988"]
[PlyCount "95"]
[EventDate "2015.09.06"]
[EventType "team-tourn"]
[EventRounds "9"]
[EventCountry "GER"]
[SourceTitle "EXT 2022"]
[Source "ChessBase"]
[SourceDate "2021.10.06"]
[SourceVersion "1"]
[SourceVersionDate "2021.10.06"]
[SourceQuality "1"]
[WhiteTeam "Gerthe Werne"]
[BlackTeam "Bochum SG IV"]
[WhiteTeamCountry "GER"]
[BlackTeamCountry "GER"]

1. d4 c6 2. Nf3 d5 3. c4 Nf6 4. Nc3 e6 5. Bg5 Be7 6. e3 Nbd7 7. Rc1 0-0 8. Bd3 Re8 9. 0-0 b6 10. a3 Bb7 11. Qe2 c5 12. Rfd1 cxd4 13. exd4 Rc8 14. cxd5 Nxd5 15. Bxe7 Qxe7 16. Nxd5 Bxd5 17. Bb5 Red8 18. Ba6 Rxc1 19. Rxc1 Nb8 20. Bd3 Nc6 21. Be4 Qd6 22. Bxd5 Qxd5 23. Qc4 Ne7 24. Qxd5 Nxd5 25. Kf1 f6 26. g3 Kf7 27. Rc4 Rd7 28. Ke2 b5 29. Rc5 Rb7 30. Nd2 a5 31. Ne4 Ke7 32. Nc3 Nxc3+ 33. bxc3 Kd6 34. Ke3 e5 35. Rc8 Rc7 36. Rxc7 Kxc7 37. Ke4 exd4 38. Kxd4 Kc6 39. h3 h6 40. g4 g6 41. h4 g5 42. h5 Kd6 43. f3 a4 44. c4 Kc6 45. cxb5+ Kxb5 46. Kd5 Kb6 47. Ke6 Kc5 48. Kxf6 1-0

[Event "Dortmund Sparkassen op-A"]
[Site "Dortmund"]
[Date "2014.07.12"]
[Round "1"]
[White "Butschek, Marc"]
[Black "Wagner, Alexej"]
[Result "1/2-1/2"]
[WhiteElo "2017"]
[BlackElo "2275"]
[PlyCount "117"]
[EventDate "2014.07.12"]
[EventType "swiss"]
[EventRounds "9"]
[EventCountry "GER"]
[SourceTitle "CBM 161 Extra"]
[Source "ChessBase"]
[SourceDate "2014.08.29"]
[SourceVersion "1"]
[SourceVersionDate "2014.08.29"]
[SourceQuality "1"]

1. e4 c5 2. c3 d5 3. exd5 Qxd5 4. d4 Nf6 5. dxc5 Qxd1+ 6. Kxd1 Bg4+ 7. f3 Bf5 8. Bb5+ Nc6 9. Ne2 0-0-0+ 10. Ke1 e5 11. b4 Be7 12. Kf2 Bd3 13. a4 a6 14. Bxd3 Rxd3 15. Bg5 Ng4+ 16. fxg4 Bxg5 17. Ng3 Rhd8 18. Ne4 h6 19. h4 Be7 20. Ke2 R3d7 21. Nbd2 Kb8 22. Nc4 Rf8 23. Raf1 f6 24. Nb6 Rdd8 25. Rd1 Ka7 26. b5 Na5 27. Nd5 Rd7 28. Nxe7 Rxe7 29. Rd5 Rc8 30. Rhd1 Kb8 31. Rd7 Rc7 32. Rd8+ Rc8 33. R1d7 Rxd7 34. Rxd7 Nb3 35. c6 bxc6 36. bxa6 Rc7 37. Rd8+ Ka7 38. Nd6 Nc5 39. Ne8 Re7 40. Rc8 Nxa4 41. Kd2 Nc5 42. Rxc6 Nb3+ 43. Kc2 Na1+ 44. Kb2 Rxe8 45. Rc7+ Kxa6 46. Rxg7 e4 47. Rd7 e3 48. Rd1 Kb5 49. Rxa1 Re4 50. Re1 Kc4 51. Kc2 Rxg4 52. Rxe3 Rxg2+ 53. Kd1 Rf2 54. Ke1 Rf4 55. Rh3 Kd5 56. Ke2 Ke4 57. Re3+ Kd5 58. Rf3 Re4+ 59. Kd3 1/2-1/2

[Event "GER-chT U20"]
[Site "Osnabrueck"]
[Date "2012.12.29"]
[Round "5.4"]
[White "Stephan, Michael"]
[Black "Butschek, Marc"]
[Result "0-1"]
[WhiteElo "1843"]
[BlackElo "1949"]
[PlyCount "80"]
[EventDate "2012.12.27"]
[EventType "team-swiss"]
[EventRounds "7"]
[EventCountry "GER"]
[SourceTitle "EXT 2014"]
[Source "ChessBase"]
[SourceDate "2013.11.20"]
[SourceVersion "1"]
[SourceVersionDate "2013.11.20"]
[SourceQuality "1"]
[WhiteTeam "Forchheim"]
[BlackTeam "Bochum SG"]
[WhiteTeamCountry "GER"]
[BlackTeamCountry "GER"]

1. e4 e6 2. d4 d5 3. exd5 exd5 4. c4 Nf6 5. Nc3 c6 6. Bd3 Be6 7. c5 g6 8. Bf4 Nh5 9. Be3 Bg7 10. Nge2 0-0 11. Ng3 Nxg3 12. hxg3 Nd7 13. Qd2 Nxc5 14. dxc5 d4 15. Bh6 dxc3 16. bxc3 Qf6 17. 0-0-0 Rfd8 18. Bxg7 Qxg7 19. Rh4 Rd5 20. Kc2 Rad8 21. Qe3 Bf5 22. Rd4 Rxd4 23. cxd4 Qxd4 24. Qxd4 Rxd4 25. Kc3 Rxd3+ 26. Rxd3 Bxd3 27. Kxd3 b5 28. cxb6 axb6 29. Kd4 Kf8 30. g4 Ke7 31. g5 f6 32. f4 fxg5 33. fxg5 Ke6 34. g4 c5+ 35. Kc4 Ke5 36. a4 Kd6 37. Kb5 Kc7 38. Kc4 Kc6 39. Kc3 Kd5 40. Kd3 c4+ 0-1

[Event "GER-chT U20"]
[Site "Osnabrueck"]
[Date "2012.12.28"]
[Round "3.4"]
[White "Butschek, Marc"]
[Black "Diyap, Murat"]
[Result "1/2-1/2"]
[WhiteElo "1949"]
[BlackElo "1920"]
[PlyCount "61"]
[EventDate "2012.12.27"]
[EventType "team-swiss"]
[EventRounds "7"]
[EventCountry "GER"]
[SourceTitle "EXT 2014"]
[Source "ChessBase"]
[SourceDate "2013.11.20"]
[SourceVersion "1"]
[SourceVersionDate "2013.11.20"]
[SourceQuality "1"]
[WhiteTeam "Bochum SG"]
[BlackTeam "Frankfurt 1860"]
[WhiteTeamCountry "GER"]
[BlackTeamCountry "GER"]

1. e4 c5 2. c3 Nf6 3. e5 Nd5 4. d4 cxd4 5. cxd4 Nc6 6. Nf3 d6 7. Bc4 Nb6 8. Bb3 dxe5 9. d5 Na5 10. Nc3 g6 11. Nxe5 Bg7 12. Ba4+ Nd7 13. Nxd7 Bxd7 14. 0-0 0-0 15. Bb3 Nxb3 16. Qxb3 Qb6 17. Qxb6 axb6 18. Be3 Rfc8 19. Bxb6 Bxc3 20. bxc3 Rxc3 21. Rfe1 Rd3 22. h3 Rxd5 23. Rxe7 Re8 24. Rxe8+ Bxe8 25. a4 Bc6 26. a5 Rg5 27. g3 Rb5 28. Rc1 f5 29. Bd8 Be4 30. Kf1 Rb1 31. Rxb1 1/2-1/2

[Event "Ruhrgebiet Verbandsliga2 1213"]
[Site "Nordrheinwestfalen"]
[Date "2012.12.02"]
[Round "4.7"]
[White "Butschek, Marc"]
[Black "Grodotzki, Kenneth"]
[Result "1-0"]
[WhiteElo "1949"]
[BlackElo "1860"]
[PlyCount "73"]
[EventDate "2012.09.02"]
[EventType "team-tourn"]
[EventRounds "9"]
[EventCountry "GER"]
[SourceTitle "EXT 2020"]
[Source "ChessBase"]
[SourceDate "2019.10.17"]
[SourceVersion "1"]
[SourceVersionDate "2019.10.17"]
[SourceQuality "1"]
[WhiteTeam "Bochum SG III"]
[BlackTeam "Muelheim Nord III"]
[WhiteTeamCountry "GER"]
[BlackTeamCountry "GER"]

1. e4 c5 2. c3 Nf6 3. e5 Nd5 4. d4 cxd4 5. cxd4 Nc6 6. Nc3 Nxc3 7. bxc3 d6 8. exd6 e6 9. Nf3 Bxd6 10. Bd3 h6 11. 0-0 Bd7 12. Qe2 Qc7 13. d5 Ne7 14. dxe6 Bxe6 15. Bb5+ Kf8 16. Nd4 Bd5 17. c4 Bc6 18. Bxc6 bxc6 19. Qf3 Kg8 20. Nb5 Bxh2+ 21. Kh1 Qb8 22. Rb1 cxb5 23. Rxb5 Qc8 24. Kxh2 Qc6 25. Rb7 Qxf3 26. gxf3 Nc6 27. Bb2 Rc8 28. c5 Rh7 29. Rd1 g5 30. Rdd7 h5 31. Bf6 g4 32. Rbc7 Re8 33. Rxc6 Rh6 34. Rcd6 Re2 35. Rd8+ Kh7 36. Rh8+ Kg6 37. Bh4+ 1-0

[Event "Dortmund Sparkassen op-A"]
[Site "Dortmund"]
[Date "2012.07.15"]
[Round "2"]
[White "Butschek, Marc"]
[Black "Ciornei, Dragos"]
[Result "0-1"]
[WhiteElo "1943"]
[BlackElo "2182"]
[PlyCount "81"]
[EventDate "2012.07.14"]
[EventType "swiss"]
[EventRounds "9"]
[EventCountry "GER"]
[SourceTitle "CBM 149 Extra"]
[Source "ChessBase"]
[SourceDate "2012.08.24"]
[SourceVersion "1"]
[SourceVersionDate "2012.08.24"]
[SourceQuality "1"]

1. e4 e5 2. Nf3 Nc6 3. Bb5 a6 4. Bxc6 dxc6 5. 0-0 f6 6. c3 Qd3 7. Re1 Bc5 8. b3 Ne7 9. Ba3 Bxa3 10. Nxa3 Be6 11. Re3 Qd6 12. Nc4 Bxc4 13. bxc4 c5 14. Qb3 0-0-0 15. Rb1 b6 16. a4 Nc6 17. d3 Qe6 18. Qc2 Rd6 19. Nd2 Rhd8 20. Rf1 Qd7 21. a5 Nxa5 22. d4 exd4 23. cxd4 Rxd4 24. e5 Rxd2 25. Qe4 Qc6 26. Qg4+ Kb7 27. e6 Re8 28. e7 Qd7 29. Qxg7 Nc6 30. Rfe1 Rxe7 31. Qxf6 Rf7 32. Qh6 Rfxf2 33. Rg3 Qd4 34. Kh1 Rd1 35. Rge3 Qd2 36. Qe6 Rxg2 37. Qh3 Rxe1+ 38. Rxe1 Rxh2+ 39. Qxh2 Qxe1+ 40. Qg1 Qxg1+ 41. Kxg1 0-1

[Event "Dortmund Sparkassen op-A"]
[Site "Dortmund"]
[Date "2012.07.14"]
[Round "1"]
[White "Heinert, Eugen"]
[Black "Butschek, Marc"]
[Result "0-1"]
[WhiteElo "2172"]
[BlackElo "1943"]
[PlyCount "52"]
[EventDate "2012.07.14"]
[EventType "swiss"]
[EventRounds "9"]
[EventCountry "GER"]
[SourceTitle "CBM 149 Extra"]
[Source "ChessBase"]
[SourceDate "2012.08.24"]
[SourceVersion "1"]
[SourceVersionDate "2012.08.24"]
[SourceQuality "1"]

1. d4 f5 2. Nf3 Nf6 3. g3 g6 4. Bg2 Bg7 5. 0-0 d6 6. c4 0-0 7. Nc3 Nc6 8. b3 e5 9. dxe5 dxe5 10. Ba3 Re8 11. Nb5 Bd7 12. Bb2 a6 13. Na3 e4 14. Ng5 Ne5 15. f4 Neg4 16. Nc2 h6 17. h3 hxg5 18. fxg5 Ne5 19. gxf6 Qxf6 20. Bxe4 Rad8 21. Bd5+ Be6 22. e4 Qg5 23. Qe1 Bxd5 24. Bc1 Qh5 25. cxd5 Nf3+ 26. Rxf3 Qxf3 0-1

[Event "GER-chT U20"]
[Site "Osnabrueck"]
[Date "2011.12.28"]
[Round "3.6"]
[White "Butschek, Marc"]
[Black "Zolfagharian, Kevin"]
[Result "1-0"]
[WhiteElo "1970"]
[BlackElo "1727"]
[PlyCount "73"]
[EventDate "2011.12.27"]
[EventType "team-swiss"]
[EventRounds "7"]
[EventCountry "GER"]
[SourceTitle "CBM 146 Extra"]
[Source "ChessBase"]
[SourceDate "2012.02.29"]
[SourceVersion "1"]
[SourceVersionDate "2012.02.29"]
[SourceQuality "1"]
[WhiteTeam "Bochum 31"]
[BlackTeam "Solingen"]
[WhiteTeamCountry "GER"]
[BlackTeamCountry "GER"]

1. e4 c5 2. c3 Nf6 3. e5 Nd5 4. d4 cxd4 5. Qxd4 e6 6. Nf3 Nc6 7. Qe4 f5 8. Qe2 b5 9. Qxb5 Qc7 10. Qe2 a5 11. c4 Ba6 12. Bd2 Nb6 13. b3 Bc5 14. Bc3 Nd5 15. Bb2 Nf4 16. Qd2 Ng6 17. Qg5 Qb6 18. Qg3 f4 19. Qg4 Bxf2+ 20. Kd1 Bb7 21. Bd3 Nce7 22. Nbd2 Rd8 23. Ng5 h5 24. Qh3 f3 25. gxf3 Qe3 26. Bxg6+ Nxg6 27. Nge4 Bxe4 28. Nxe4 Qd3+ 29. Nd2 Nf4 30. Qf1 Qe3 31. Rc1 Nd3 32. Rc3 Nxb2+ 33. Kc2 Qa7 34. Ne4 Kf8 35. Qxf2 Qc7 36. Qc5+ Qxc5 37. Nxc5 1-0

[Event "Ruhrgebiet Regionalliga 1112"]
[Site "Nordrheinwestfalen"]
[Date "2011.11.27"]
[Round "4.7"]
[White "Butschek, Marc"]
[Black "Hemmert, Burghard"]
[Result "0-1"]
[WhiteElo "1970"]
[BlackElo "1982"]
[PlyCount "110"]
[EventDate "2011.09.25"]
[EventType "team-tourn"]
[EventRounds "9"]
[EventCountry "GER"]
[SourceTitle "EXT 2020"]
[Source "ChessBase"]
[SourceDate "2019.10.17"]
[SourceVersion "1"]
[SourceVersionDate "2019.10.17"]
[SourceQuality "1"]
[WhiteTeam "Bochum SG III"]
[BlackTeam "Oberhausen SV II"]
[WhiteTeamCountry "GER"]
[BlackTeamCountry "GER"]

1. e4 e5 2. Nf3 Nc6 3. Bb5 a6 4. Bxc6 dxc6 5. 0-0 Bg4 6. h3 h5 7. c3 Qf6 8. d4 Bxf3 9. Qxf3 exd4 10. cxd4 0-0-0 11. Be3 Qxf3 12. gxf3 g6 13. f4 Bg7 14. e5 Ne7 15. Nc3 Nd5 16. Kg2 Bh6 17. Kf3 Rhe8 18. Rg1 Ne7 19. Ne4 Nf5 20. Rad1 Re7 21. Ng3 Nh4+ 22. Ke2 Red7 23. f5 Bxe3 24. fxe3 c5 25. e6 fxe6 26. fxe6 Rd5 27. Ne4 cxd4 28. e7 d3+ 29. Ke1 Rh8 30. Rf1 Rf5 31. Nf6 Nf3+ 32. Rxf3 Rxf3 33. e8Q+ Rxe8 34. Nxe8 Rxe3+ 35. Kf2 Rxe8 36. Rxd3 Re6 37. Kf3 c5 38. Kf4 Kc7 39. Kg5 b5 40. h4 c4 41. Rd2 b4 42. a3 a5 43. Rd5 Kb6 44. a4 Rc6 45. Rb5+ Ka6 46. Kf4 c3 47. bxc3 bxc3 48. Rb1 c2 49. Rc1 Rc4+ 50. Ke5 Rxa4 51. Rxc2 Rxh4 52. Kd5 Kb5 53. Rb2+ Rb4 54. Rg2 Rg4 55. Rb2+ Ka4 0-1

[Event "Ruhrgebiet Regionalliga 1112"]
[Site "Nordrheinwestfalen"]
[Date "2011.10.23"]
[Round "2.8"]
[White "Jacubowski, Andreas"]
[Black "Butschek, Marc"]
[Result "1/2-1/2"]
[WhiteElo "1923"]
[BlackElo "1970"]
[PlyCount "49"]
[EventDate "2011.09.25"]
[EventType "team-tourn"]
[EventRounds "9"]
[EventCountry "GER"]
[SourceTitle "EXT 2020"]
[Source "ChessBase"]
[SourceDate "2019.10.17"]
[SourceVersion "1"]
[SourceVersionDate "2019.10.17"]
[SourceQuality "1"]
[WhiteTeam "Horst Emscher"]
[BlackTeam "Bochum SG III"]
[WhiteTeamCountry "GER"]
[BlackTeamCountry "GER"]

1. e4 e6 2. Qe2 Ne7 3. g3 b6 4. Bg2 Bb7 5. Nf3 d5 6. exd5 Nxd5 7. 0-0 Be7 8. a3 Bf6 9. c4 Ne7 10. Nc3 0-0 11. Ne4 Nf5 12. g4 Nd6 13. Nxf6+ Qxf6 14. d3 Nd7 15. Be3 h6 16. Ne1 Rad8 17. Rd1 Qg6 18. Bf4 f5 19. Bxd6 Bxg2 20. Nxg2 cxd6 21. Nf4 Qf7 22. Qxe6 fxg4 23. d4 Rde8 24. Qxf7+ Rxf7 25. Nd5 1/2-1/2

[Event "Dortmund Sparkassen op-A"]
[Site "Dortmund"]
[Date "2011.07.29"]
[Round "7"]
[White "Boehm, Juergen1111"]
[Black "Butschek, Marc"]
[Result "1-0"]
[WhiteElo "2220"]
[BlackElo "1891"]
[PlyCount "55"]
[EventDate "2011.07.23"]
[EventType "swiss"]
[EventRounds "9"]
[EventCountry "GER"]
[SourceTitle "CBM 143 Extra"]
[Source "ChessBase"]
[SourceDate "2011.08.29"]
[SourceVersion "1"]
[SourceVersionDate "2011.08.29"]
[SourceQuality "1"]

1. d4 f5 2. Nf3 Nf6 3. h3 d6 4. g4 fxg4 5. hxg4 Bxg4 6. Ng5 Qd7 7. Qd3 Bf5 8. e4 Nxe4 9. Nxe4 Qe6 10. Nbc3 d5 11. f3 dxe4 12. fxe4 Nd7 13. Bf4 c6 14. 0-0-0 Bg4 15. Rd2 0-0-0 16. Qa6 Qf6 17. Bg3 e5 18. Qxa7 Bd6 19. d5 Bc5 20. Qa8+ Kc7 21. Qa5+ Bb6 22. Qa3 Qf3 23. Bg2 Qf8 24. d6+ Kb8 25. Na4 Ba7 26. b4 Bd4 27. Rxd4 exd4 28. Nb6 1-0

[Event "Ruhrgebiet Regionalliga 1011"]
[Site "Nordrheinwestfalen"]
[Date "2011.01.23"]
[Round "5.7"]
[White "Mustafic, Mustafa"]
[Black "Butschek, Marc"]
[Result "0-1"]
[WhiteElo "1853"]
[BlackElo "1907"]
[PlyCount "84"]
[EventDate "2010.09.19"]
[EventType "team-tourn"]
[EventRounds "9"]
[EventCountry "GER"]
[SourceTitle "EXT 2020"]
[Source "ChessBase"]
[SourceDate "2019.10.17"]
[SourceVersion "1"]
[SourceVersionDate "2019.10.17"]
[SourceQuality "1"]
[WhiteTeam "Hamm SVg"]
[BlackTeam "Bochum SG III"]
[WhiteTeamCountry "GER"]
[BlackTeamCountry "GER"]

1. d4 f5 2. c4 g6 3. Nc3 Nf6 4. Nf3 d6 5. e3 Bg7 6. Be2 0-0 7. b3 Nc6 8. Bb2 e5 9. dxe5 dxe5 10. Qxd8 Rxd8 11. Nb5 Ne8 12. Rd1 Rxd1+ 13. Bxd1 a6 14. Nc3 e4 15. Ng5 Nb4 16. 0-0 Nxa2 17. Nxa2 Bxb2 18. Nb4 Bf6 19. Nh3 c6 20. Be2 Nc7 21. f3 exf3 22. gxf3 Be6 23. Rd1 a5 24. Nc2 a4 25. bxa4 Rxa4 26. Rb1 Bxc4 27. Bxc4+ Rxc4 28. Rxb7 Nd5 29. Nd4 Nxe3 30. Ne6 Bh4 31. Rb8+ Kf7 32. Nhg5+ Kf6 33. Nxh7+ Ke7 34. h3 Rc1+ 35. Kh2 Nf1+ 36. Kg2 Kxe6 37. f4 Ne3+ 38. Kf3 Nd5 39. Nf8+ Kf7 40. Nd7 Rc3+ 41. Ke2 Nxf4+ 42. Kd2 Rd3+ 0-1

[Event "GER-chT U20"]
[Site "Osnabrueck"]
[Date "2010.12.30"]
[Round "7.5"]
[White "Quaschner, Manuel"]
[Black "Butschek, Marc"]
[Result "0-1"]
[WhiteElo "1809"]
[BlackElo "1872"]
[PlyCount "72"]
[EventDate "2010.12.27"]
[EventType "team-swiss"]
[EventRounds "7"]
[EventCountry "GER"]
[SourceTitle "CBM 140 Extra"]
[Source "ChessBase"]
[SourceDate "2011.03.01"]
[SourceVersion "1"]
[SourceVersionDate "2011.03.01"]
[SourceQuality "1"]
[WhiteTeam "Grossenseebach"]
[BlackTeam "Bochum"]
[WhiteTeamCountry "GER"]
[BlackTeamCountry "GER"]

1. e4 e6 2. d4 d5 3. Nc3 Nf6 4. e5 Ne4 5. Bd3 Nxc3 6. bxc3 c5 7. Nf3 Nc6 8. 0-0 c4 9. Be2 Be7 10. Be3 0-0 11. h3 f6 12. exf6 Bxf6 13. Nh2 Qa5 14. Qe1 e5 15. Ng4 Bxg4 16. Bxg4 Rae8 17. Rb1 Re7 18. Qd1 exd4 19. cxd4 Qc3 20. Bf3 Rd8 21. Re1 b6 22. Re2 Qa3 23. Qc1 Qxc1+ 24. Rxc1 Bxd4 25. Bxd4 Rxe2 26. Bxb6 Rxc2 27. Rxc2 axb6 28. Rd2 Ne7 29. Rd4 Kf7 30. Kf1 Ke6 31. Bg4+ Kd6 32. Ke2 Kc5 33. Rf4 Ra8 34. Rf7 Rxa2+ 35. Kf3 Ng6 36. Rc7+ Kd4 0-1

[Event "GER-chT U20"]
[Site "Osnabrueck"]
[Date "2010.12.29"]
[Round "6.5"]
[White "Bluhm, Achim"]
[Black "Butschek, Marc"]
[Result "1/2-1/2"]
[WhiteElo "1817"]
[BlackElo "1872"]
[PlyCount "101"]
[EventDate "2010.12.27"]
[EventType "team-swiss"]
[EventRounds "7"]
[EventCountry "GER"]
[SourceTitle "CBM 140 Extra"]
[Source "ChessBase"]
[SourceDate "2011.03.01"]
[SourceVersion "1"]
[SourceVersionDate "2011.03.01"]
[SourceQuality "1"]
[WhiteTeam "Neuberg"]
[BlackTeam "Bochum"]
[WhiteTeamCountry "GER"]
[BlackTeamCountry "GER"]

1. d4 f5 2. Bg5 Nf6 3. Bxf6 exf6 4. e3 d5 5. c4 Bb4+ 6. Nc3 Be6 7. Qb3 Nc6 8. Nh3 g5 9. a3 Bxc3+ 10. bxc3 Na5 11. Qa4+ c6 12. cxd5 Qxd5 13. f3 0-0 14. Nf2 Rfe8 15. Bd3 Nb3 16. c4 Qa5+ 17. Qxa5 Nxa5 18. Rc1 f4 19. Ne4 Kg7 20. exf4 f5 21. Nd6 Bxc4+ 22. Nxe8+ Rxe8+ 23. Kf2 Bxd3 24. fxg5 Re2+ 25. Kg3 Nb3 26. Rc3 Bc2 27. d5 cxd5 28. Rc7+ Kg6 29. h4 h5 30. gxh6 Kxh6 31. Kf4 Nd4 32. Rxb7 Rxg2 33. Rxa7 Re2 34. Rg1 Ne6+ 35. Kg3 d4 36. Rd7 Kg6 37. Rg2 d3 38. Rxe2 dxe2 39. Kf2 Nf4 40. Rd4 Ne6 41. Rd6 Bb3 42. Kxe2 Kh5 43. a4 Kxh4 44. a5 Kg3 45. a6 Bc4+ 46. Ke3 f4+ 47. Ke4 Bxa6 48. Rxe6 Bb7+ 49. Kd3 Bxf3 50. Rf6 Bg2 51. Rxf4 1/2-1/2

[Event "GER-chT U20"]
[Site "Osnabrueck"]
[Date "2010.12.27"]
[Round "1.5"]
[White "Kolb, Niklas"]
[Black "Butschek, Marc"]
[Result "0-1"]
[WhiteElo "1634"]
[BlackElo "1872"]
[PlyCount "132"]
[EventDate "2010.12.27"]
[EventType "team-swiss"]
[EventRounds "7"]
[EventCountry "GER"]
[SourceTitle "CBM 140 Extra"]
[Source "ChessBase"]
[SourceDate "2011.03.01"]
[SourceVersion "1"]
[SourceVersionDate "2011.03.01"]
[SourceQuality "1"]
[WhiteTeam "Gruendau"]
[BlackTeam "Bochum"]
[WhiteTeamCountry "GER"]
[BlackTeamCountry "GER"]

1. e4 e6 2. d4 d5 3. exd5 exd5 4. Nf3 Nf6 5. Bg5 Nc6 6. Be2 Be7 7. 0-0 0-0 8. Re1 Bf5 9. c3 Ne4 10. Bxe7 Nxe7 11. Nbd2 Qd6 12. Nxe4 Bxe4 13. Bd3 f5 14. Ne5 Ng6 15. f3 Nxe5 16. dxe5 Qb6+ 17. Kh1 Qxb2 18. fxe4 fxe4 19. Bf1 c6 20. Qd4 Rf2 21. e6 Rc2 22. Qc5 Qxc3 23. Qe7 Qf6 24. Qxf6 gxf6 25. Be2 Kf8 26. Bg4 Ke7 27. a4 Rg8 28. Bh3 b6 29. Rec1 Rxc1+ 30. Rxc1 c5 31. Kg1 Rg5 32. Rf1 e3 33. Rf3 Re5 34. Kf1 d4 35. Bf5 c4 36. Bxh7 d3 37. Ke1 Rh5 38. Bxd3 cxd3 39. Rxe3 Rxh2 40. Rxd3 Kxe6 41. Kf2 Rh4 42. Ra3 Kd5 43. g3 Rc4 44. Rf3 Rxa4 45. Rxf6 b5 46. Ke2 Ra2+ 47. Kd1 a5 48. Rf5+ Kc4 49. Kc1 Rg2 50. Rf4+ Kb3 51. Rf3+ Ka4 52. Kb1 b4 53. Rf4 Ka3 54. Rf3+ b3 55. Rf1 Rxg3 56. Re1 Kb4 57. Re4+ Kc3 58. Re1 a4 59. Rc1+ Kb4 60. Rf1 a3 61. Rf4+ Kc3 62. Rf1 Rd3 63. Rc1+ Kb4 64. Rh1 a2+ 65. Kb2 Rd2+ 66. Ka1 Ka3 0-1